Encyclopedia brown super sleuth / (Record no. 4661)

MARC details
000 -LEADER
fixed length control field 01045nam a22003017a 4500
001 - CONTROL NUMBER
control field 4661
003 - CONTROL NUMBER IDENTIFIER
control field FISKH
005 - DATE AND TIME OF LATEST TRANSACTION
control field 20240919110514.0
008 - FIXED-LENGTH DATA ELEMENTS--GENERAL INFORMATION
fixed length control field 240919b cb ||||| |||| 00| 0 eng d
020 ## - INTERNATIONAL STANDARD BOOK NUMBER
International Standard Book Number 9780545279772
040 ## - CATALOGING SOURCE
Original cataloging agency FISKH
Language of cataloging eng
Transcribing agency FISKH
Modifying agency FISKH
050 ## - LIBRARY OF CONGRESS CALL NUMBER
Classification number PZ7.S68524
082 ## - DEWEY DECIMAL CLASSIFICATION NUMBER
Edition number 813.600
100 ## - MAIN ENTRY--PERSONAL NAME
Personal name J.Sobol, Donald
Dates associated with a name (1924–2012)
245 ## - TITLE STATEMENT
Title Encyclopedia brown super sleuth /
Statement of responsibility, etc. Donald J.Sobol illustrated by James Bernardin
250 ## - EDITION STATEMENT
Edition statement First printing in 2010
260 ## - PUBLICATION, DISTRIBUTION, ETC.
Place of publication, distribution, etc. New York :
Name of publisher, distributor, etc. Scholastic :
Date of publication, distribution, etc. 2010.
300 ## - PHYSICAL DESCRIPTION
Extent 87 pages :
Other physical details illustrations ;
Dimensions 20cm
505 ## - FORMATTED CONTENTS NOTE
Formatted contents note P<br/>
520 ## - SUMMARY, ETC.
Summary, etc. Idaville's secret weapon against lawbreakers, ten-year-old Leroy "Encyclopedia" Brown, helps the police force solve ten new cases, the solutions to which are found in the back of the book.
521 8# - TARGET AUDIENCE NOTE
Target audience note 630L<br/>
Source Lexile<br/>
521 8# - TARGET AUDIENCE NOTE
Target audience note P<br/>
Source Raz-Plus<br/>
650 ## - SUBJECT ADDED ENTRY--TOPICAL TERM
Source of heading or term Encyclopedia Brown
Topical term or geographic name entry element Detective
650 ## - SUBJECT ADDED ENTRY--TOPICAL TERM
Source of heading or term Mystery
Topical term or geographic name entry element Problem solving
700 ## - ADDED ENTRY--PERSONAL NAME
Personal name Bernardin, James
Dates associated with a name Illustrator
942 ## - ADDED ENTRY ELEMENTS (KOHA)
Source of classification or shelving scheme Dewey Decimal Classification
Koha item type Books
Suppress in OPAC No
Holdings
Withdrawn status Lost status Source of classification or shelving scheme Damaged status Not for loan Home library Current library Shelving location Date acquired Total Checkouts Full call number Barcode Date last seen Copy number Price effective from Koha item type
    Dewey Decimal Classification     Footprints International School Library Network Toul Kork Campus Footprints International School Library Network Toul Kork Campus TTP Primary Yellow Bookshelves 09/19/2024   SOB 813.600 PZ7.S68524 2024-2033 09/19/2024 1 09/19/2024 Books
    Dewey Decimal Classification     Footprints International School Library Network Toul Kork Campus Footprints International School Library Network Toul Kork Campus TTP Primary Yellow Bookshelves 09/19/2024   SOB 813.600 PZ7.S68524 2024-2034 09/19/2024 2 09/19/2024 Books